000 00963nam a2200241 a 4500
001 63209
003 BD-RjUL
005 20211209081153.0
008 170129s2001 bg ||||| |||| 00| 0 ben d
020 _c: TK 210.00
035 _a(BD-RjUL)63338
040 _aBD-RjUL
_bben
_cBD-RjUL
041 _aben
082 _223
_a783.0297
_bWAD 2001
100 _aওয়াইসী, সৈয়দ ফতেহ আলী (রাঃ)
_9188131
245 1 0 _aদিওয়ানে ওয়াইসী /
_c সৈয়দ ফতেহ আলী ওয়াইসী (রাঃ)
260 _aঢাকা :
_bদরবারে আঊলিয়া,
_c২০০১
300 _a২৫০ পৃ. ;
_c২১ সেমি.
650 _aIslamic Music
_9188132
650 _aইসলামী গযল
_9188133
700 _aআলম, সৈয়্যদ মুহাম্মদ জানে, অনুবাদ
_9188134
942 _2ddc
_cBK
999 _c63209
_d63209